Influencia de estabilización de precios sobre la recaudación tributaria (Registro nro. 15112)

Detalles MARC
000 -LEADER
fixed length control field 00385 a2200121 4500
001 - CONTROL NUMBER
control field ART_17809
005 - DATE AND TIME OF LATEST TRANSACTION
control field 20260410161700.0
008 - FIXED-LENGTH DATA ELEMENTS--GENERAL INFORMATION
fixed length control field 260409a
100 1# - MAIN ENTRY--PERSONAL NAME
Personal name Streb, Jorge M.
245 10 - TITLE STATEMENT
Title Influencia de estabilización de precios sobre la recaudación tributaria
700 1# - ADDED ENTRY--PERSONAL NAME
Personal name Domper, Jorge Horacio
773 0# - HOST ITEM ENTRY
Title Ensayos Económicos
Related parts - Nº 38 (oct. 1987)
Record control number REV620

No hay ítems disponibles.